| 000 | 00695nam a2200253Ia 4500 | ||
|---|---|---|---|
| 003 | OSt | ||
| 005 | 20220924122219.0 | ||
| 006 | a|||||r|||| 00| 0 | ||
| 007 | ta | ||
| 008 | 220923b |||||||| |||| 00| 0 urd d | ||
| 020 | _c12.00 | ||
| 024 | _a322115 | ||
| 037 | _cTextual | ||
| 040 |
_aARTS _cARTS _burd |
||
| 041 |
_2urd _aurd |
||
| 082 | _aS, 168K3 | ||
| 100 |
_aBartender Au. _9188746 |
||
| 245 | 0 | _aTajziya-e-nafs | |
| 260 |
_aLahore _bMajlis taraqqi adab Pakistan _c1963 |
||
| 650 | _aPSYCHOLOGY | ||
| 700 |
_a Bukhari Shajaat Hussain Tr. _9188747 |
||
| 942 |
_hS, 168K3 _cTEXL _2CC |
||
| 999 |
_c410756 _d410756 |
||